000 00724nam a2200265Ia 4500
001 21110
003 DO-CoUTE
005 20260204212610.0
008 220104s9999 dr 000 0 spa d
020 _a978-9972-209-13-0
040 _aDO-CoUTE
_bspa
_cDO-CoUTE
041 0 _aspa
082 _aR 036 L679e
110 _alexus
245 1 0 _aEnciclopedia del Estuidiante / Lexus
260 _aBarcelona, España: Lexus Editores
300 _a1007 páginas
650 4 _aComputación 5.Física 6.Química 7.Autoevaluaciones
650 4 _aGramática
650 4 _aLiteratura
650 4 _aMatemática
942 _2ddc
_cBK
999 _c21043
_d21043